Focus (Record no. 79450)

MARC details
000 -LEADER
fixed length control field 01057cab a22002535a 4500
001 - CONTROL NUMBER
control field L141309
008 - FIXED-LENGTH DATA ELEMENTS--GENERAL INFORMATION
fixed length control field 071115e20071110xxk f 000 0 eng d
035 ## - SYSTEM CONTROL NUMBER
System control number (Sirsi) u141309
041 0# - LANGUAGE CODE
Language code of text/sound track or separate title eng
100 1# - MAIN ENTRY--PERSONAL NAME
Personal name Meadwell, Stacey
245 00 - TITLE STATEMENT
Title Focus
Remainder of title South West special
260 ## - PUBLICATION, DISTRIBUTION, ETC.
Date of publication, distribution, etc. 2007
490 ## - SERIES STATEMENT
Series statement Estates Gazette
Volume/sequential designation (0745) 10 November 2007, 131-151(16)
520 ## - SUMMARY, ETC.
Summary, etc. Reports on the high take-up of office space in Bristol. The city council is aiming to attract developers and investors with its new planning initiative. The Redcliffe Wharf development is examined in detail. Details regeneration projects across the South West coast. Examines attempts to tempt young professionals away from London by advocating the lifestyle benefits of the South West.
590 ## - LOCAL NOTE (RLIN)
Local note KA
651 #4 - SUBJECT ADDED ENTRY--GEOGRAPHIC NAME
Geographic name South West (England)
Chronological subdivision 1994-
690 ## - LOCAL SUBJECT ADDED ENTRY--TOPICAL TERM (OCLC, RLIN)
Topical term or geographic name as entry element PROPERTY-COMMERCIAL PROPERTY-COMMERCIAL PROPERTY MARKET
700 1# - ADDED ENTRY--PERSONAL NAME
Personal name Jack, Simon
700 1# - ADDED ENTRY--PERSONAL NAME
Personal name Clift, Patrick
700 1# - ADDED ENTRY--PERSONAL NAME
Personal name Cavanagh, Elaine
700 1# - ADDED ENTRY--PERSONAL NAME
Personal name Clarkson, Melanie
700 1# - ADDED ENTRY--PERSONAL NAME
Personal name Thame, David
942 ## - ADDED ENTRY ELEMENTS (KOHA)
Suppress in OPAC 0
Holdings
Withdrawn status Lost status Source of classification or shelving scheme Damaged status Not for loan Home library Current library Shelving location Date acquired Total Checkouts Full call number Barcode Date last seen Copy number Price effective from Koha item type
    Dewey Decimal Classification     London London Journal article 15/11/2007   L141309 141309-1001 06/08/2019 1 06/08/2019 Journal article